Social Capital : (Record no. 608065)

MARC details
000 -LEADER
fixed length control field 00503nam a2200193 a 4500
008 - FIXED-LENGTH DATA ELEMENTS--GENERAL INFORMATION
fixed length control field 260109s2009##################000#0#eng##
020 ## - INTERNATIONAL STANDARD BOOK NUMBER
ISBN 9781847200723
082 04 - DEWEY DECIMAL CLASSIFICATION NUMBER
Classification number 302
Item number BAR
100 1# - MAIN ENTRY--AUTHOR NAME
Personal name Bartkus, Viva Ona,
245 10 - TITLE STATEMENT
Title Social Capital :
260 ## - PUBLICATION, DISTRIBUTION, ETC. (IMPRINT)
Name of publisher Edward Elgar Publishing,
Year of publication 2009.
300 ## - PHYSICAL DESCRIPTION
Number of Pages 392 pages
650 #0 - SUBJECT ADDED ENTRY--TOPICAL TERM
Topical Term Business & Economics.
942 ## - ADDED ENTRY ELEMENTS (KOHA)
Koha item type English Books
Holdings
Withdrawn status Lost status Damaged status Not for loan Home library Current library Shelving location Date acquired Full call number Accession Number Price effective from Koha item type
        Anna Centenary Library Anna Centenary Library 3RD FLOOR, B WING 10.01.2026 302 BAR 344136 10.01.2026 English Books

Find us on the map